| 000 | 01546nam a2200385 i 4500 | ||
|---|---|---|---|
| 001 | DIGRILEDIT1557 | ||
| 003 | NyNyDIG | ||
| 007 | cr ||||||||||| | ||
| 008 | 241002s2024 cl ob 000 0 spa d | ||
| 006 | m o d | ||
| 035 | _a(OCoLC)1435473788 | ||
| 040 |
_aDGITA _beng _erda _epn _cDGITA |
||
| 020 | _z9789560115959 | ||
| 043 | _as-cl--- | ||
| 050 | 1 | 4 | _aLA563.7 ebook |
| 100 | 1 |
_aPonce Lara, Camila, _eauthor. |
|
| 245 | 1 | 0 |
_aDesde las calles a La Moneda : _bliderazgo estudiantil y transformación política en el Chile contemporáneo / _cCamila Ponce Lara. |
| 264 | 1 |
_aSantiago de Chile : _bRiL editores, _c[2024] |
|
| 300 | _a1 online resource. | ||
| 336 |
_atext _btxt _2rdacontent |
||
| 337 |
_acomputer _bc _2rdamedia |
||
| 338 |
_aonline resource _bcr _2rdacarrier |
||
| 347 |
_atext file _2rdaft |
||
| 347 | _bPDF | ||
| 504 | _aIncludes bibliographical references. | ||
| 588 | 0 | _aOnline resource; title from PDF title page (Digitalia, viewed October 2, 2024) | |
| 650 | 0 |
_aStudent movements _zChile _xHistory _y21st century. |
|
| 650 | 0 |
_aCollege students _xPolitical activity _zChile _xHistory _y21st century. |
|
| 791 | 2 |
_aDigitalia (Firm), _edistributor. |
|
| 793 | 0 |
_gDigitalia eBook Collection: _aRil Editores |
|
| 776 | 0 | 8 |
_iPrint version: _aPonce Lara, Camila. _tDesde las calles a La Moneda. _bPrimera edición. _dSantiago de Chile : RiL editores, [2024] _z9789560115959 |
| 856 | 4 | 0 |
_3Digitalia Hispánica _uhttps://www.digitaliapublishing.com/a/156941/ |
| 910 | _aPremium collection: 2024 | ||
| 942 | _cRAA | ||
| 999 |
_c286900 _d286900 |
||